5HLuxD.jpg

KING HENRY VIII SENIOR AND PRIMARY SCHOOL LIBRARY OPAC

Ruby red / (Record no. 897)

000 -LEADER
fixed length control field 00960nam a2200337 a 4500
001 - CONTROL NUMBER
control field 017145734
003 - CONTROL NUMBER IDENTIFIER
control field UkOxU
005 - DATE AND TIME OF LATEST TRANSACTION
control field 20191226091018.0
008 - FIXED-LENGTH DATA ELEMENTS--GENERAL INFORMATION
fixed length control field 071207r20082007enk j 000 1 eng
015 ## - NATIONAL BIBLIOGRAPHY NUMBER
National bibliography number GBA7A1338
Source bnb
020 ## - INTERNATIONAL STANDARD BOOK NUMBER
International Standard Book Number 9780141320939 (pbk.) :
020 ## - INTERNATIONAL STANDARD BOOK NUMBER
International Standard Book Number 0141320931 (pbk.) :
035 ## - SYSTEM CONTROL NUMBER
System control number (IeDuTC)b14965905
035 ## - SYSTEM CONTROL NUMBER
System control number (UkLCURL)08b14965905
038 ## - RECORD CONTENT LICENSOR
Record content licensor Uk
040 ## - CATALOGING SOURCE
Original cataloging agency StDuBDS
Language of cataloging eng
Transcribing agency StDuBDS
049 ## - LOCAL HOLDINGS (OCLC)
Local processing data b
082 ## - DEWEY DECIMAL CLASSIFICATION NUMBER
Classification number FIC GLA
100 1# - MAIN ENTRY--PERSONAL NAME
Personal name Glass, Linzi Alex.
Relator term author
245 10 - TITLE STATEMENT
Title Ruby red /
Statement of responsibility, etc. Linzi Glass.
260 ## - PUBLICATION, DISTRIBUTION, ETC.
Place of publication, distribution, etc. London :
Name of publisher, distributor, etc. Puffin,
Date of publication, distribution, etc. 2008.
263 ## - PROJECTED PUBLICATION DATE
Projected publication date 200803
300 ## - PHYSICAL DESCRIPTION
Extent 1 v. ;
Dimensions 20 cm.
500 ## - GENERAL NOTE
General note Originally published: London: Penguin, 2007.
650 #0 - SUBJECT ADDED ENTRY--TOPICAL TERM
Topical term or geographic name entry element First loves
Form subdivision Fiction.
650 #0 - SUBJECT ADDED ENTRY--TOPICAL TERM
Topical term or geographic name entry element Afrikaners
Form subdivision Fiction.
651 #0 - SUBJECT ADDED ENTRY--GEOGRAPHIC NAME
Geographic name Johannesburg (South Africa)
General subdivision Social life and customs
Form subdivision Fiction.
651 #0 - SUBJECT ADDED ENTRY--GEOGRAPHIC NAME
Geographic name South Africa
General subdivision Race relations
Form subdivision Fiction.
655 #0 - INDEX TERM--GENRE/FORM
Genre/form data or focus term Young adult fiction.
942 ## - ADDED ENTRY ELEMENTS (KOHA)
Source of classification or shelving scheme
Koha item type Books - Fiction
Holdings
Withdrawn status Lost status Source of classification or shelving scheme Damaged status Not for loan Collection code Permanent Location Current Location Shelving location Date acquired Total Checkouts Full call number Barcode Date last seen Date last checked out Price effective from Koha item type
          Fiction KH8 Senior School Library KH8 Senior School Library Fiction 2019-12-26 2 FIC GLA 3KHSL000101651 2024-07-16 2023-05-11 2019-12-26 Books - Fiction

Powered By KH8 IT Dept